|
|
|
|
| LEADER |
00833nam a2200253 a 4500 |
| 001 |
7844 |
| 003 |
BD-DhAAL |
| 005 |
20150708104041.0 |
| 008 |
150708s1988 nyu 000 1 eng |
| 010 |
|
|
|a 87029085
|
| 020 |
|
|
|a 0330307606
|
| 020 |
|
|
|a 0399133186 :
|c $17.95 ($24.95 Can.)
|
| 040 |
|
|
|a DLC
|c DLC
|d DLC
|d BD-DhAAL
|
| 050 |
0 |
0 |
|a PS3553.O5545
|b M67 1988
|
| 082 |
0 |
0 |
|a 813/.54
|2 19
|
| 100 |
1 |
|
|a Cook, Robin,
|d 1940-
|9 12939
|
| 245 |
1 |
0 |
|a Mortal fear /
|c Robin Cook.
|
| 260 |
|
|
|a New York :
|a Culcatta :
|b Putnam,
|b Rupa,
|c c1988.
|
| 300 |
|
|
|a 364 p. ;
|c 18 cm.
|
| 541 |
|
|
|e 7844
|
| 655 |
|
7 |
|a Medical novels.
|2 gsafd
|9 12958
|
| 942 |
|
|
|2 ddc
|c BK
|
| 999 |
|
|
|c 34980
|d 34980
|
| 952 |
|
|
|0 0
|1 0
|2 ddc
|4 0
|6 813_540000000000000_COO
|7 0
|9 54843
|a SCL
|b SCL
|c GEN
|d 2015-07-08
|e Gift
|l 8
|m 52
|o 813.54 COO
|p 3020007844
|r 2020-03-10
|s 2020-03-08
|t 1
|w 2015-07-08
|y BK
|